Characters of Dracula - Statistics

General Stats
  • This quiz has been taken 233 times
  • The average score is 5 of 11
Answer Stats
Hint Answer % Correct
Nosferatu Count Dracula
100%
Professor Doctor, master of above Abraham Van Helsing
78%
Solicitor Jonathan Harker
68%
Mad, servant of nosferatu Renfield
52%
Doctor John Seward
37%
Victim of nosferatu Lucy Westenra
34%
Later, she got married above. Mina Murray
30%
Dead Quincey Morris
23%
Lord Godalming Arthur Holmwood
22%
Solicitor Mr. Hawkins
5%
Captain of Demeter Mr. Swales
1%
No matching quizzes found
Score Distribution
Percent of People with Each Score
Percentile by Number Answered
Your Score History
You have not taken this quiz